| Tag |
First Indicator |
Second Indicator |
Subfields |
| LEADER |
00000cam a2200000 i 4500 |
| 001 |
in00000042857 |
| 005 |
20151007064908.0 |
| 008 |
091204s1979 enk b 00010 eng |
| 010 |
|
|
|a 79313827
|
| 015 |
|
|
|a GB79-05378
|
| 020 |
|
|
|a 0901111864 (3.75)
|
| 020 |
|
|
|a 0901111856 (pbk.)
|
| 035 |
|
|
|a (OCoLC)05211245
|
| 035 |
|
|
|9 AAE0846AM
|
| 040 |
|
|
|a DLC
|c DLC
|d TXA
|d UtOrBLW
|
| 043 |
|
|
|a e-uk-wl
|a e-uk---
|
| 049 |
|
|
|a TXAM
|c [1191829]
|
| 050 |
0 |
0 |
|a PR471
|b .H59
|
| 082 |
0 |
|
|a 823/.9/12
|
| 100 |
1 |
|
|a Hooker, Jeremy,
|d 1941-
|
| 245 |
1 |
0 |
|a John Cowper Powys and David Jones :
|b a comparative study /
|c [by] Jeremy Hooker.
|
| 264 |
|
1 |
|a London :
|b Enitharmon Press,
|c 1979.
|
| 300 |
|
|
|a 54 pages ;
|c 23 cm.
|
| 336 |
|
|
|a text
|b txt
|2 rdacontent
|
| 337 |
|
|
|a unmediated
|b n
|2 rdamedia
|
| 338 |
|
|
|a volume
|b nc
|2 rdacarrier
|
| 490 |
1 |
|
|a Enitharmon Press Powys series,
|v no. 1
|
| 500 |
|
|
|a "Revised form of a paper ... read to the Powys Society in July 1974."
|
| 504 |
|
|
|a Includes bibliographical references.
|
| 600 |
1 |
0 |
|a Powys, John Cowper,
|d 1872-1963
|x Criticism and interpretation.
|
| 600 |
1 |
0 |
|a Jones, David,
|d 1895-1974
|x Criticism and interpretation.
|
| 650 |
|
0 |
|a English literature
|y 20th century
|x History and criticism.
|
| 650 |
|
0 |
|a Wales in literature.
|
| 830 |
|
0 |
|a Enitharmon Press powys series ;
|v no. 1.
|
| 999 |
|
|
|a MARS
|
| 999 |
f |
f |
|s a3539613-bfce-3060-9548-1b023d358405
|i 38449afa-98d1-3c82-8680-09f40853aabe
|t 0
|
| 952 |
f |
f |
|p noncirc
|a Texas A&M University
|b College Station
|c Cushing Memorial Library & Archives
|d Cushing: Literature/Mitchell (Does not check out)
|t 0
|e PR471 .H59
|h Library of Congress classification
|i unmediated -- volume
|
| 952 |
f |
f |
|p ric
|a Texas A&M University
|b Rellis Campus
|c Joint Library Facility
|d Remote Storage
|t 0
|e PR471 .H59
|h Library of Congress classification
|i unmediated -- volume
|m A14803851164
|
| 998 |
f |
f |
|a PR471 .H59
|t 0
|l Cushing: Literature/Mitchell (Does not check out)
|
| 998 |
f |
f |
|a PR471 .H59
|t 0
|l Remote Storage
|